Estadísticas para Ganadores del Premio The Best FIFA

Haz click aquí para intentar la prueba.

Estadísticas generales

  • Esta prueba ha sido intentada 61 veces
  • La puntuación promedio es 6 de 7

Estadísticas de respuestas

AñoGanador% Correcto
2022Leo Messi
100%
2019Leo Messi
100%
2016Cristiano Ronaldo
98%
2017Cristiano Ronaldo
98%
2018Luka Modrić
88%
2020Robert Lewandowski
79%
2021Robert Lewandowski
79%

Distribución de puntuación

Porcentaje por número respondido

Porcentaje de gente con cada puntuación

Historial de tus puntuaciones

No has intentado esta prueba.